Primer kutatás alapján a Porsche, Audi, Skoda márka megszemélyesítése

Bibliographic Details
Main Author: Németh Bernadett
Other Authors: Brávácz Dr. Ibolya
Format: Thesis
Kulcsszavak:Márka
Megszemélyesítés
Primer kutatás
Online Access:http://dolgozattar.uni-bge.hu/3947

MARC

LEADER 00000nta a2200000 i 4500
001 dolg3947
005 20160206125043.0
008 151202suuuu hu om 000 hun d
040 |a BGE Dolgozattár Repozitórium  |b hun 
041 |a hu 
100 1 |a Németh Bernadett 
245 1 0 |a Primer kutatás alapján a Porsche, Audi, Skoda márka megszemélyesítése  |c Németh Bernadett  |h [elektronikus dokumentum] 
695 |a Márka 
695 |a Megszemélyesítés 
695 |a Primer kutatás 
700 1 |a Brávácz Dr. Ibolya  |e ths 
856 4 0 |u http://dolgozattar.uni-bge.hu/3947/1/Szakdolgozat_NB_2015_%C3%B6sszef%C5%B1z%C3%B6tt.pdf  |z Dokumentum-elérés